[Event "DEM U16w 2017"]
[Site "Willingen GER"]
[Date "2017.06.10"]
[Round "9"]
[White "Ratay, Meike"]
[Black "Schulze, Lara"]
[Result "0-1"]
[Termination "normal"]
[Board "1"]
[BlackTitle "WFM"]
[WhiteElo "1767"]
[BlackElo "2171"]
[WhiteClock "00:00:43"]
[BlackClock "00:01:09"]
[PlyCount "66"]
[WhiteFideId "12977608"]
[BlackFideId "12956830"]
[EventCountry "GER"]
[EventRounds "9"]
[EventType "swiss"]
[EventDate "2017.06.03"]

1. e4 {[%clk 1:30:58]} 1... e6 {[%clk 1:30:59]} 2. d3 {[%clk 1:31:19]} 2... d5
{[%clk 1:31:21]} 3. Nd2 {[%clk 1:31:42]} 3... Nf6 {[%clk 1:31:35]} 4. g3 {
[%clk 1:31:41]} 4... Bc5 {[%clk 1:26:50]} 5. Qe2 {[%clk 1:27:04]} 5... dxe4 {
[%clk 1:22:14]} 6. dxe4 {[%clk 1:23:49]} 6... e5 {[%clk 1:21:58]} 7. Bg2 {
[%clk 1:15:03]} 7... Ng4 {[%clk 1:12:21]} 8. Nh3 {[%clk 1:13:36]} 8... O-O {
[%clk 1:06:12]} 9. O-O {[%clk 1:11:48]} 9... h6 {[%clk 0:55:31]} 10. c3 { [%clk
1:05:44]} 10... a5 {[%clk 0:52:12]} 11. Nc4 {[%clk 1:03:13]} 11... Be6 { [%clk
0:47:35]} 12. Kh1 {[%clk 0:57:25]} 12... b5 {[%clk 0:41:19]} 13. Nd2 { [%clk
0:51:21]} 13... c6 {[%clk 0:38:10]} 14. Rd1 {[%clk 0:48:27]} 14... Qb6 { [%clk
0:35:31]} 15. Kg1 {[%clk 0:42:43]} 15... Rd8 {[%clk 0:26:35]} 16. Re1 { [%clk
0:40:54]} 16... a4 {[%clk 0:22:58]} 17. Nf1 {[%clk 0:34:01]} 17... Na6 { [%clk
0:16:14]} 18. b4 {[%clk 0:29:18]} 18... axb3 {[%clk 0:15:01]} 19. axb3 { [%clk
0:29:29]} 19... b4 {[%clk 0:14:50]} 20. c4 {[%clk 0:28:26]} 20... Bd4 { [%clk
0:14:14]} 21. Bb2 {[%clk 0:23:59]} 21... Bxb2 {[%clk 0:13:09]} 22. Qxb2 { [%clk
0:24:23]} 22... Nc5 {[%clk 0:13:27]} 23. Qc2 {[%clk 0:20:20]} 23... Rxa1 {[%clk
0:10:04]} 24. Rxa1 {[%clk 0:20:46]} 24... Rd3 {[%clk 0:10:11]} 25. Rb1 { [%clk
0:16:47]} 25... Qa7 {[%clk 0:08:05]} 26. Kh1 {[%clk 0:13:17]} 26... Nf6 { [%clk
0:04:13]} 27. Nd2 {[%clk 0:10:29]} 27... Bxh3 {[%clk 0:02:23]} 28. Bxh3 { [%clk
0:10:46]} 28... Ncxe4 {[%clk 0:01:07]} 29. Nxe4 {[%clk 0:08:57]} 29... Nxe4
{[%clk 0:01:35]} 30. Qe2 {[%clk 0:05:30]} 30... Rd4 {[%clk 0:00:42]} 31. Bf5
{[%clk 0:04:47]} 31... Rd2 {[%clk 0:00:46]} 32. Bh7+ {[%clk 0:01:33]} 32... Kh8
{[%clk 0:00:45]} 33. Qxe4 {[%clk 0:00:43]} 33... Qxf2 {[%clk 0:01:09]} 0-1

[Event "DEM U16w 2017"]
[Site "Willingen GER"]
[Date "2017.06.10"]
[Round "9"]
[White "Manco, Michela"]
[Black "Poetsch, Leonore"]
[Result "0-1"]
[Termination "normal"]
[Board "2"]
[WhiteElo "1677"]
[BlackElo "1959"]
[WhiteClock "00:09:02"]
[BlackClock "00:09:39"]
[PlyCount "136"]
[WhiteFideId "12943908"]
[BlackFideId "12940372"]
[EventCountry "GER"]
[EventRounds "9"]
[EventType "swiss"]
[EventDate "2017.06.03"]

1. e4 {[%clk 1:30:59]} 1... e6 {[%clk 1:30:51]} 2. Qe2 {[%clk 1:31:25]} 2... c5
{[%clk 1:31:11]} 3. g3 {[%clk 1:31:42]} 3... Nc6 {[%clk 1:31:27]} 4. Nf3 {
[%clk 1:31:58]} 4... Nge7 {[%clk 1:31:13]} 5. Bg2 {[%clk 1:32:18]} 5... g6 {
[%clk 1:31:02]} 6. c3 {[%clk 1:32:21]} 6... Bg7 {[%clk 1:31:11]} 7. Na3 { [%clk
1:32:31]} 7... O-O {[%clk 1:31:09]} 8. O-O {[%clk 1:32:36]} 8... d5 { [%clk
1:27:17]} 9. d3 {[%clk 1:32:08]} 9... a6 {[%clk 1:25:28]} 10. Nc2 { [%clk
1:31:16]} 10... b5 {[%clk 1:23:37]} 11. h4 {[%clk 1:27:49]} 11... Bb7 { [%clk
1:12:44]} 12. Bd2 {[%clk 1:25:12]} 12... Qb6 {[%clk 1:08:44]} 13. Ne3 { [%clk
1:24:37]} 13... d4 {[%clk 1:05:22]} 14. Ng4 {[%clk 1:24:08]} 14... h5 { [%clk
0:57:50]} 15. Ngh2 {[%clk 1:23:08]} 15... Rad8 {[%clk 0:49:35]} 16. Bh3 { [%clk
1:18:38]} 16... c4 {[%clk 0:43:39]} 17. cxd4 {[%clk 1:12:36]} 17... cxd3 {[%clk
0:43:03]} 18. Qxd3 {[%clk 1:11:51]} 18... Nxd4 {[%clk 0:40:26]} 19. Qb1 {[%clk
0:58:43]} 19... Qc6 {[%clk 0:35:33]} 20. Nxd4 {[%clk 0:53:16]} 20... Bxd4
{[%clk 0:35:32]} 21. Bb4 {[%clk 0:50:30]} 21... Rfe8 {[%clk 0:35:08]} 22. Bg2
{[%clk 0:49:04]} 22... Rc8 {[%clk 0:32:02]} 23. Nf3 {[%clk 0:42:00]} 23... Bg7
{[%clk 0:29:32]} 24. Bxe7 {[%clk 0:35:41]} 24... Rxe7 {[%clk 0:29:46]} 25. e5
{[%clk 0:34:56]} 25... Bxe5 {[%clk 0:28:36]} 26. Re1 {[%clk 0:31:09]} 26... Bg7
{[%clk 0:27:55]} 27. Re2 {[%clk 0:30:36]} 27... Rec7 {[%clk 0:27:05]} 28. Qd3
{[%clk 0:28:12]} 28... Qd5 {[%clk 0:23:47]} 29. Qe3 {[%clk 0:19:48]} 29... Qc5
{[%clk 0:20:22]} 30. Qxc5 {[%clk 0:16:17]} 30... Rxc5 {[%clk 0:20:43]} 31. Rd1
{[%clk 0:16:31]} 31... Bd5 {[%clk 0:19:10]} 32. b3 {[%clk 0:15:38]} 32... Rc2
{[%clk 0:18:17]} 33. Rdd2 {[%clk 0:15:53]} 33... Rxd2 {[%clk 0:18:02]} 34. Rxd2
{[%clk 0:16:15]} 34... b4 {[%clk 0:15:15]} 35. Nd4 {[%clk 0:10:06]} 35... Bxg2
{[%clk 0:09:45]} 36. Kxg2 {[%clk 0:10:28]} 36... a5 {[%clk 0:07:12]} 37. Nb5
{[%clk 0:08:43]} 37... Be5 {[%clk 0:05:48]} 38. Re2 {[%clk 0:05:19]} 38... Rc5
{[%clk 0:05:20]} 39. a4 {[%clk 0:04:53]} 39... bxa3 {[%clk 0:05:07]} 40. Nxa3
{[%clk 0:05:17]} 40... Kf8 {[%clk 0:04:16]} 41. Nc4 {[%clk 0:04:20]} 41... Bc7
{[%clk 0:04:33]} 42. Ra2 {[%clk 0:01:20]} 42... Ke7 {[%clk 0:03:23]} 43. Kf3
{[%clk 0:00:43]} 43... Kd7 {[%clk 0:02:33]} 44. Ke4 {[%clk 0:29:19]} 44... Kc6
{[%clk 0:31:47]} 45. Na3 {[%clk 0:27:02]} 45... f5+ {[%clk 0:30:57]} 46. Kd4
{[%clk 0:25:15]} 46... e5+ {[%clk 0:28:26]} 47. Kd3 {[%clk 0:24:49]} 47... Kd5
{[%clk 0:27:24]} 48. Nc2 {[%clk 0:22:13]} 48... e4+ {[%clk 0:26:44]} 49. Ke2
{[%clk 0:20:46]} 49... Rb5 {[%clk 0:26:09]} 50. Ne3+ {[%clk 0:20:03]} 50... Kc5
{[%clk 0:23:55]} 51. Rc2+ {[%clk 0:19:20]} 51... Kb6 {[%clk 0:21:14]} 52. Nc4+
{[%clk 0:19:26]} 52... Kb7 {[%clk 0:21:06]} 53. Rc3 {[%clk 0:17:44]} 53... Be5
{[%clk 0:19:34]} 54. Nxe5 {[%clk 0:15:58]} 54... Rxe5 {[%clk 0:19:58]} 55. Ke3
{[%clk 0:16:21]} 55... Rd5 {[%clk 0:16:50]} 56. f3 {[%clk 0:15:28]} 56... exf3
{[%clk 0:15:53]} 57. Kxf3 {[%clk 0:15:54]} 57... Rd4 {[%clk 0:16:15]} 58. Ke2
{[%clk 0:12:53]} 58... Kb6 {[%clk 0:16:09]} 59. Re3 {[%clk 0:11:06]} 59... Re4
{[%clk 0:15:01]} 60. Kf3 {[%clk 0:10:56]} 60... Kb5 {[%clk 0:14:07]} 61. Rd3
{[%clk 0:10:45]} 61... Re6 {[%clk 0:11:50]} 62. Kf4 {[%clk 0:10:10]} 62... Kb4
{[%clk 0:11:27]} 63. Rd5 {[%clk 0:10:02]} 63... Ra6 {[%clk 0:11:10]} 64. Rd3
{[%clk 0:10:26]} 64... Rb6 {[%clk 0:09:50]} 65. Ke3 {[%clk 0:09:04]} 65... Ka3
{[%clk 0:09:43]} 66. Kf4 {[%clk 0:08:41]} 66... Rxb3 {[%clk 0:09:45]} 67. Rd6
{[%clk 0:09:03]} 67... Rb4+ {[%clk 0:09:27]} 68. Kf3 {[%clk 0:09:02]} 68... Rg4
{[%clk 0:09:39]  Ke4} 0-1

[Event "DEM U16w 2017"]
[Site "Willingen GER"]
[Date "2017.06.10"]
[Round "9"]
[White "Browning, Rebecca"]
[Black "Mütsch, Annmarie"]
[Result "0-1"]
[Termination "normal"]
[Board "3"]
[WhiteElo "1777"]
[BlackElo "2124"]
[WhiteClock "00:54:58"]
[BlackClock "00:27:51"]
[PlyCount "56"]
[WhiteFideId "12984027"]
[BlackFideId "12971367"]
[EventCountry "GER"]
[EventRounds "9"]
[EventType "swiss"]
[EventDate "2017.06.03"]

1. e4 {[%clk 1:30:57]} 1... c5 {[%clk 1:30:56]} 2. Nf3 {[%clk 1:31:20]} 2...
Nc6 {[%clk 1:30:34]} 3. c3 {[%clk 1:31:11]} 3... d5 {[%clk 1:26:24]} 4. exd5 {
[%clk 1:31:13]} 4... Qxd5 {[%clk 1:26:49]} 5. d4 {[%clk 1:31:33]} 5... Bg4 {
[%clk 1:26:49]} 6. dxc5 {[%clk 1:31:47]} 6... Qxd1+ {[%clk 1:11:48]} 7. Kxd1 {
[%clk 1:32:11]} 7... a5 {[%clk 1:01:34]} 8. Bb5 {[%clk 1:29:12]} 8... e5 {
[%clk 0:53:19]} 9. Bxc6+ {[%clk 1:27:56]} 9... bxc6 {[%clk 0:51:58]} 10. b4 {
[%clk 1:27:38]} 10... Ne7 {[%clk 0:33:47]} 11. Kc2 {[%clk 1:19:05]} 11... f6 {
[%clk 0:30:55]} 12. Kb2 {[%clk 1:12:51]} 12... Nd5 {[%clk 0:28:43]} 13. a3 {
[%clk 1:12:08]} 13... Rb8 {[%clk 0:28:31]} 14. Kc2 {[%clk 1:02:25]} 14... Bf5+
{[%clk 0:28:29]} 15. Kd2 {[%clk 1:01:19]} 15... Rd8 {[%clk 0:27:48]} 16. Nd4 {
[%clk 0:59:40]} 16... exd4 {[%clk 0:27:56]} 17. cxd4 {[%clk 0:59:55]} 17...
axb4 {[%clk 0:27:52]} 18. axb4 {[%clk 0:59:44]} 18... Nxb4 {[%clk 0:27:47]} 19.
Re1+ {[%clk 0:59:43]} 19... Kf7 {[%clk 0:28:06]} 20. Ra7+ {[%clk 0:59:30]}
20... Kg6 {[%clk 0:28:18]} 21. Ba3 {[%clk 0:56:53]} 21... Bxc5 {[%clk 0:26:54]}
22. Kc3 {[%clk 0:55:06]} 22... Nd5+ {[%clk 0:27:14]} 23. Kc4 {[%clk 0:55:06]}
23... Bxa7 {[%clk 0:27:31]} 24. Bc5 {[%clk 0:53:56]} 24... Bxc5 {[%clk 0:27:16]
} 25. Kxc5 {[%clk 0:54:20]} 25... Bxb1 {[%clk 0:26:51]} 26. Rxb1 { [%clk
0:54:44]} 26... Ne7 {[%clk 0:27:10]} 27. Re1 {[%clk 0:54:46]} 27... Rd5+ {[%clk
0:27:27]} 28. Kb6 {[%clk 0:54:58]} 28... Kf7 {[%clk 0:27:51]} 0-1

[Event "DEM U16w 2017"]
[Site "Willingen GER"]
[Date "2017.06.10"]
[Round "9"]
[White "Reinecke, Katharina"]
[Black "Köhler, Inken"]
[Result "1/2-1/2"]
[Termination "normal"]
[Board "5"]
[WhiteElo "1911"]
[BlackElo "1870"]
[WhiteClock "00:04:06"]
[BlackClock "00:07:04"]
[PlyCount "69"]
[WhiteFideId "12929727"]
[BlackFideId "12929301"]
[EventCountry "GER"]
[EventRounds "9"]
[EventType "swiss"]
[EventDate "2017.06.03"]

1. Nf3 {[%clk 1:30:56]} 1... Nf6 {[%clk 1:30:40]} 2. g3 {[%clk 1:31:15]} 2...
g6 {[%clk 1:30:57]} 3. Bg2 {[%clk 1:31:21]} 3... Bg7 {[%clk 1:31:16]} 4. d4 {
[%clk 1:29:47]} 4... O-O {[%clk 1:31:10]} 5. O-O {[%clk 1:29:51]} 5... d6 {
[%clk 1:31:06]} 6. c4 {[%clk 1:29:28]} 6... Nbd7 {[%clk 1:31:07]} 7. Nc3 {
[%clk 1:29:19]} 7... e5 {[%clk 1:30:49]} 8. e4 {[%clk 1:29:22]} 8... exd4 {
[%clk 1:30:51]} 9. Nxd4 {[%clk 1:29:44]} 9... Re8 {[%clk 1:30:50]} 10. h3 {
[%clk 1:27:26]} 10... a6 {[%clk 1:30:24]} 11. Be3 {[%clk 1:25:54]} 11... Rb8 {
[%clk 1:29:27]} 12. Qc2 {[%clk 1:23:40]} 12... Ne5 {[%clk 1:26:39]} 13. b3 {
[%clk 1:21:58]} 13... c5 {[%clk 1:25:21]} 14. Nde2 {[%clk 1:20:21]} 14... b5 {
[%clk 1:24:16]} 15. cxb5 {[%clk 1:14:18]} 15... axb5 {[%clk 1:24:32]} 16. a4 {
[%clk 1:12:14]} 16... b4 {[%clk 1:17:01]} 17. Nd1 {[%clk 0:59:11]} 17... Qe7 {
[%clk 0:59:09]} 18. Nb2 {[%clk 0:56:29]} 18... Ned7 {[%clk 0:55:31]} 19. Nf4 {
[%clk 0:41:43]} 19... Nxe4 {[%clk 0:48:46]} 20. Nd5 {[%clk 0:34:55]} 20... Qe5
{[%clk 0:48:20]} 21. Nc7 {[%clk 0:31:01]} 21... Qxb2 {[%clk 0:38:04]} 22. Qxb2
{[%clk 0:30:00]} 22... Bxb2 {[%clk 0:38:27]} 23. Nxe8 {[%clk 0:30:13]} 23...
Bxa1 {[%clk 0:34:14]} 24. Bxe4 {[%clk 0:23:17]} 24... Be5 {[%clk 0:18:09]} 25.
f4 {[%clk 0:22:19]} 25... Ba6 {[%clk 0:17:48]} 26. Rd1 {[%clk 0:20:36]} 26...
Rxe8 {[%clk 0:15:52]} 27. Bc6 {[%clk 0:16:19]} 27... Bg7 {[%clk 0:13:31]} 28.
Kf2 {[%clk 0:15:16]} 28... Bc8 {[%clk 0:11:50]} 29. Rxd6 {[%clk 0:14:16]} 29...
Re7 {[%clk 0:10:13]} 30. a5 {[%clk 0:10:41]} 30... Nf8 {[%clk 0:08:09]} 31.
Bxc5 {[%clk 0:09:33]} 31... Bc3 {[%clk 0:08:03]} 32. Rd8 {[%clk 0:08:26]} 32...
Rc7 {[%clk 0:06:59]} 33. Bxf8 {[%clk 0:05:48]} 33... Bf6 {[%clk 0:06:43]} 34.
Be7+ {[%clk 0:06:00]} 34... Kg7 {[%clk 0:07:04]} 35. Bf8+ {[%clk 0:04:06]}
1/2-1/2

[Event "DEM U16w 2017"]
[Site "Willingen GER"]
[Date "2017.06.10"]
[Round "9"]
[White "Flach, Helene"]
[Black "Weimert, Miriam"]
[Result "0-1"]
[Termination "normal"]
[Board "6"]
[WhiteElo "1870"]
[BlackElo "1841"]
[WhiteClock "00:01:49"]
[BlackClock "00:07:55"]
[PlyCount "72"]
[WhiteFideId "12929735"]
[BlackFideId "12966703"]
[EventCountry "GER"]
[EventRounds "9"]
[EventType "swiss"]
[EventDate "2017.06.03"]

1. e4 {[%clk 1:30:59]} 1... c5 {[%clk 1:30:52]} 2. Nf3 {[%clk 1:31:23]} 2... e6
{[%clk 1:31:15]} 3. d4 {[%clk 1:31:48]} 3... cxd4 {[%clk 1:31:38]} 4. Nxd4 {
[%clk 1:32:12]} 4... a6 {[%clk 1:32:00]} 5. Bd3 {[%clk 1:32:34]} 5... Qc7 {
[%clk 1:31:35]} 6. O-O {[%clk 1:31:36]} 6... Nf6 {[%clk 1:30:46]} 7. Qe2 {
[%clk 1:31:33]} 7... Bc5 {[%clk 1:28:59]} 8. Nb3 {[%clk 1:29:16]} 8... Be7 {
[%clk 1:27:16]} 9. c4 {[%clk 1:25:23]} 9... d6 {[%clk 1:19:58]} 10. Nc3 { [%clk
1:24:12]} 10... Nbd7 {[%clk 1:19:03]} 11. f4 {[%clk 1:22:47]} 11... O-O { [%clk
1:11:26]} 12. Bd2 {[%clk 1:20:24]} 12... Re8 {[%clk 1:06:26]} 13. Rae1 { [%clk
1:20:09]} 13... Nf8 {[%clk 0:59:48]} 14. Kh1 {[%clk 1:12:34]} 14... b6 { [%clk
0:51:08]} 15. Nd4 {[%clk 1:00:13]} 15... Bb7 {[%clk 0:44:09]} 16. Nf3 { [%clk
0:49:59]} 16... Rac8 {[%clk 0:32:46]} 17. b3 {[%clk 0:47:08]} 17... Qb8 { [%clk
0:31:18]} 18. Qf2 {[%clk 0:39:34]} 18... d5 {[%clk 0:24:50]} 19. e5 { [%clk
0:27:30]} 19... Bc5 {[%clk 0:18:11]} 20. Qg3 {[%clk 0:24:00]} 20... Nh5 { [%clk
0:17:32]} 21. Qh3 {[%clk 0:19:18]} 21... g6 {[%clk 0:18:00]} 22. Na4 { [%clk
0:14:20]} 22... dxc4 {[%clk 0:17:00]} 23. Nxc5 {[%clk 0:14:22]} 23... cxd3
{[%clk 0:16:44]} 24. Nxb7 {[%clk 0:10:43]} 24... Qxb7 {[%clk 0:16:57]} 25. Nd4
{[%clk 0:10:17]} 25... Red8 {[%clk 0:14:41]} 26. Qxd3 {[%clk 0:10:02]} 26...
Ng7 {[%clk 0:14:27]} 27. Qe3 {[%clk 0:09:05]} 27... Qd5 {[%clk 0:13:24]} 28.
Nf3 {[%clk 0:07:05]} 28... b5 {[%clk 0:11:32]} 29. Rc1 {[%clk 0:06:49]} 29...
Nf5 {[%clk 0:11:23]} 30. Qb6 {[%clk 0:05:29]} 30... Nd7 {[%clk 0:10:34]} 31.
Qf2 {[%clk 0:04:53]} 31... Nc5 {[%clk 0:10:15]} 32. Ba5 {[%clk 0:03:10]} 32...
Nd3 {[%clk 0:09:00]} 33. Qd2 {[%clk 0:03:26]} 33... Nxc1 {[%clk 0:07:51]} 34.
Bxd8 {[%clk 0:03:16]} 34... Qxd2 {[%clk 0:08:08]} 35. Nxd2 {[%clk 0:03:39]}
35... Rxd8 {[%clk 0:08:33]} 36. Ne4 {[%clk 0:01:49]} 36... Nxa2 {[%clk 0:07:55]
} 0-1

[Event "DEM U16w 2017"]
[Site "Willingen GER"]
[Date "2017.06.10"]
[Round "9"]
[White "Walow, Xenia"]
[Black "Nguyen, Ha Thanh"]
[Result "0-1"]
[Termination "normal"]
[Board "7"]
[WhiteElo "1704"]
[BlackElo "1775"]
[WhiteClock "00:40:32"]
[BlackClock "01:01:56"]
[PlyCount "32"]
[WhiteFideId "12971839"]
[BlackFideId "12942154"]
[EventCountry "GER"]
[EventRounds "9"]
[EventType "swiss"]
[EventDate "2017.06.03"]

1. d4 Nf6 2. Bf4 g6 3. e3 Bg7 4. Nf3 d5 5. c4 O-O 6. Nc3 c5 7. Nb5 Na6 8. dxc5
Ne4 9. Nbd4 Qa5+ 10. Nd2 Nxd2 11. Qxd2 Qxd2+ 12. Kxd2 e5 13. cxd5 Nxc5 14. f3
exf4 15. Rc1 fxe3+ 16. Kxe3 Re8+ 0-1

[Event "DEM U16w 2017"]
[Site "Willingen GER"]
[Date "2017.06.10"]
[Round "9"]
[White "Kolb, Verena"]
[Black "Voß, Henrike"]
[Result "1/2-1/2"]
[Termination "normal"]
[Board "8"]
[WhiteElo "1673"]
[BlackElo "1620"]
[WhiteClock "00:12:16"]
[BlackClock "00:13:10"]
[PlyCount "109"]
[WhiteFideId "12992313"]
[BlackFideId "12971910"]
[EventCountry "GER"]
[EventRounds "9"]
[EventType "swiss"]
[EventDate "2017.06.03"]

1. e4 {[%clk 1:30:59]} 1... e5 {[%clk 1:30:52]} 2. Nf3 {[%clk 1:31:25]} 2...
Nc6 {[%clk 1:31:16]} 3. Bb5 {[%clk 1:31:51]} 3... a6 {[%clk 1:31:37]} 4. Ba4 {
[%clk 1:32:14]} 4... Nf6 {[%clk 1:31:57]} 5. d3 {[%clk 1:32:22]} 5... b5 {
[%clk 1:29:49]} 6. Bb3 {[%clk 1:32:44]} 6... Be7 {[%clk 1:29:46]} 7. O-O {
[%clk 1:32:16]} 7... O-O {[%clk 1:30:01]} 8. c3 {[%clk 1:32:35]} 8... d6 {
[%clk 1:26:21]} 9. Re1 {[%clk 1:32:54]} 9... Na5 {[%clk 1:26:39]} 10. Bc2 {
[%clk 1:33:15]} 10... c5 {[%clk 1:26:50]} 11. Nbd2 {[%clk 1:32:57]} 11... Qc7 {
[%clk 1:26:33]} 12. Nf1 {[%clk 1:33:01]} 12... Nc6 {[%clk 1:22:30]} 13. h3 {
[%clk 1:32:08]} 13... h6 {[%clk 1:22:30]} 14. Be3 {[%clk 1:31:02]} 14... d5 {
[%clk 1:17:45]} 15. exd5 {[%clk 1:24:55]} 15... Nxd5 {[%clk 1:18:04]} 16. d4 {
[%clk 1:23:26]} 16... cxd4 {[%clk 1:14:16]} 17. cxd4 {[%clk 1:23:49]} 17... Bb4
{[%clk 1:11:40]} 18. Re2 {[%clk 1:22:51]} 18... exd4 {[%clk 1:05:53]} 19. Bxd4
{[%clk 1:07:49]} 19... Nf4 {[%clk 1:00:30]} 20. Re4 {[%clk 0:48:35]} 20... Bf5
{[%clk 0:50:39]} 21. Rc1 {[%clk 0:37:49]} 21... Qd6 {[%clk 0:43:01]} 22. Rxf4 {
[%clk 0:33:19]} 22... Qxf4 {[%clk 0:38:53]} 23. Bxf5 {[%clk 0:25:40]} 23...
Nxd4 {[%clk 0:38:09]} 24. Qxd4 {[%clk 0:19:36]} 24... Qxc1 {[%clk 0:35:21]} 25.
Qxb4 {[%clk 0:20:01]} 25... Rad8 {[%clk 0:35:00]} 26. N3d2 {[%clk 0:13:10]}
26... Rfe8 {[%clk 0:27:56]} 27. Bg4 {[%clk 0:12:35]} 27... Re1 {[%clk 0:12:48]}
28. Kh2 {[%clk 0:05:39]} 28... Rxf1 {[%clk 0:13:06]} 29. Nxf1 {[%clk 0:06:07]}
29... Qxf1 {[%clk 0:13:24]} 30. Qa5 {[%clk 0:06:25]} 30... Qd3 {[%clk 0:09:33]}
31. Qxa6 {[%clk 0:06:36]} 31... Qd6+ {[%clk 0:09:40]} 32. Qxd6 {[%clk 0:06:59]}
32... Rxd6 {[%clk 0:10:05]} 33. b4 {[%clk 0:05:12]} 33... Rd2 {[%clk 0:09:37]}
34. a3 {[%clk 0:04:14]} 34... Rxf2 {[%clk 0:08:16]} 35. Bd7 {[%clk 0:04:35]}
35... Ra2 {[%clk 0:08:06]} 36. Bxb5 {[%clk 0:04:59]} 36... Rxa3 {[%clk 0:08:10]
} 37. Bc6 {[%clk 0:05:27]} 37... Rb3 {[%clk 0:08:02]} 38. b5 {[%clk 0:05:52]}
38... Kf8 {[%clk 0:07:54]} 39. h4 {[%clk 0:06:03]} 39... g5 {[%clk 0:05:49]}
40. hxg5 {[%clk 0:05:10]} 40... hxg5 {[%clk 0:05:50]} 41. g4 {[%clk 0:28:32]}
41... Ke7 {[%clk 0:33:43]} 42. Kg2 {[%clk 0:28:50]} 42... Kd6 {[%clk 0:31:40]}
43. Kf2 {[%clk 0:29:00]} 43... f6 {[%clk 0:31:03]} 44. Kg2 {[%clk 0:28:58]}
44... Kc5 {[%clk 0:25:54]} 45. Kf2 {[%clk 0:21:08]} 45... Kd4 {[%clk 0:19:33]}
46. Ke2 {[%clk 0:18:28]} 46... Ke5 {[%clk 0:19:03]} 47. Bd7 {[%clk 0:18:19]}
47... Kf4 {[%clk 0:19:15]} 48. Kd2 {[%clk 0:15:46]} 48... Kg3 {[%clk 0:15:37]}
49. Kc2 {[%clk 0:15:46]} 49... Rxb5 {[%clk 0:15:51]} 50. Bxb5 {[%clk 0:15:58]}
50... Kxg4 {[%clk 0:16:13]} 51. Kd2 {[%clk 0:14:38]} 51... Kf3 {[%clk 0:15:35]}
52. Bc6+ {[%clk 0:13:11]} 52... Kf4 {[%clk 0:14:40]} 53. Ke2 {[%clk 0:13:19]}
53... g4 {[%clk 0:13:46]} 54. Kf2 {[%clk 0:13:23]} 54... f5 {[%clk 0:13:10]}
55. Bb7 {[%clk 0:12:16]} 1/2-1/2

[Event "DEM U16w 2017"]
[Site "Willingen GER"]
[Date "2017.06.10"]
[Round "9"]
[White "Mundt, Alexandra"]
[Black "Cejda, Cecilia"]
[Result "1-0"]
[Termination "normal"]
[Board "9"]
[WhiteElo "1391"]
[BlackElo "1755"]
[WhiteClock "00:22:16"]
[BlackClock "00:00:44"]
[PlyCount "107"]
[WhiteFideId "16217276"]
[BlackFideId "12921122"]
[EventCountry "GER"]
[EventRounds "9"]
[EventType "swiss"]
[EventDate "2017.06.03"]

1. e4 {[%clk 1:30:59]} 1... c5 {[%clk 1:30:55]} 2. c3 {[%clk 1:31:15]} 2... d6
{[%clk 1:30:09]} 3. d4 {[%clk 1:30:40]} 3... cxd4 {[%clk 1:29:26]} 4. cxd4 {
[%clk 1:31:03]} 4... Nf6 {[%clk 1:27:43]} 5. Nc3 {[%clk 1:31:05]} 5... a6 {
[%clk 1:27:26]} 6. a3 {[%clk 1:28:02]} 6... e6 {[%clk 1:25:58]} 7. Nf3 { [%clk
1:24:35]} 7... Nc6 {[%clk 1:23:13]} 8. Be2 {[%clk 1:21:44]} 8... Be7 { [%clk
1:21:52]} 9. h3 9... Qc7 {[%clk 1:20:02]} 10. Be3 {[%clk 1:18:09]} 10... b5
{[%clk 1:15:29]} 11. Rc1 {[%clk 1:17:05]} 11... Qb7 {[%clk 1:03:55]} 12. O-O
{[%clk 1:12:53]} 12... O-O {[%clk 0:58:37]} 13. Qc2 {[%clk 1:09:01]} 13... Rb8
14. Bd3 {[%clk 1:02:45]} 14... e5 {[%clk 0:47:56]} 15. dxe5 {[%clk 0:59:28]}
15... Nxe5 {[%clk 0:45:06]} 16. Nxe5 {[%clk 0:59:37]} 16... dxe5 { [%clk
0:45:23]} 17. f4 {[%clk 0:59:20]} 17... Bd6 {[%clk 0:36:40]} 18. Qf2 { [%clk
0:47:07]} 18... exf4 {[%clk 0:29:04]} 19. Bxf4 {[%clk 0:45:50]} 19... Bxf4
{[%clk 0:29:29]} 20. Qxf4 {[%clk 0:45:42]} 20... Qb6+ {[%clk 0:28:51]} 21. Kh1
{[%clk 0:45:29]} 21... Be6 {[%clk 0:22:26]} 22. Qg3 {[%clk 0:35:13]} 22... Nh5
{[%clk 0:16:14]} 23. Qe5 {[%clk 0:28:33]} 23... g6 {[%clk 0:15:11]} 24. Rf3
{[%clk 0:25:00]} 24... Rbd8 {[%clk 0:12:48]} 25. g4 {[%clk 0:21:50]} 25... Ng7
{[%clk 0:12:25]} 26. Qg3 {[%clk 0:21:38]} 26... Qd6 {[%clk 0:11:16]} 27. Qg2 {
[%clk 0:20:30]} 27... Qe5 {[%clk 0:10:24]} 28. Ne2 {[%clk 0:18:23]} 28... Qxb2
{[%clk 0:08:43]} 29. h4 {[%clk 0:17:10]} 29... Qe5 {[%clk 0:07:05]} 30. Nf4 {
[%clk 0:16:32]} 30... Qd6 {[%clk 0:06:16]} 31. Rg1 {[%clk 0:15:09]} 31... Qe7 {
[%clk 0:06:00]} 32. Qg3 {[%clk 0:14:17]} 32... Ne8 {[%clk 0:05:49]} 33. g5 {
[%clk 0:06:24]} 33... Nd6 {[%clk 0:04:33]} 34. Rg2 {[%clk 0:05:15]} 34... Qd7 {
[%clk 0:03:10]} 35. h5 {[%clk 0:03:47]} 35... Qe7 {[%clk 0:03:04]} 36. Qh4 {
[%clk 0:03:31]} 36... Ne8 {[%clk 0:02:03]} 37. Rh2 {[%clk 0:03:31]} 37... Rd7 {
[%clk 0:01:12]} 38. hxg6 {[%clk 0:03:42]} 38... f6 {[%clk 0:00:54]} 39. gxh7+ {
[%clk 0:03:51]} 39... Qxh7 {[%clk 0:01:19]} 40. Qxh7+ {[%clk 0:04:02]} 40...
Rxh7 {[%clk 0:01:39]} 41. Rxh7 {[%clk 0:04:24]} 41... fxg5 {[%clk 0:17:45]} 42.
Re7 {[%clk 0:30:47]} 42... Ba2 {[%clk 0:04:00]} 43. Rg3 {[%clk 0:30:38]} 43...
Rxf4 {[%clk 0:03:11]} 44. Rxe8+ {[%clk 0:31:00]} 44... Kf7 {[%clk 0:03:31]} 45.
Re5 {[%clk 0:31:08]} 45... Rh4+ {[%clk 0:03:25]} 46. Kg2 {[%clk 0:31:29]} 46...
g4 {[%clk 0:03:41]} 47. Rc5 {[%clk 0:30:16]} 47... Rh6 {[%clk 0:02:22]} 48.
Rxg4 {[%clk 0:30:08]} 48... Rd6 {[%clk 0:02:47]} 49. Rc3 {[%clk 0:29:16]} 49...
Kf6 {[%clk 0:02:10]} 50. Kf3 {[%clk 0:28:16]} 50... Be6 {[%clk 0:01:11]} 51.
Rg3 {[%clk 0:24:13]} 51... Bd7 {[%clk 0:00:40]} 52. Kf4 {[%clk 0:23:55]} 52...
Rd4 {[%clk 0:00:55]} 53. Rg5 {[%clk 0:22:28]} 53... Ke6 {[%clk 0:00:44]} 54.
Rg6+ {[%clk 0:22:16]} 1-0